000 00821nam a2200193 a 4500
001 8061
003 CO-ViMGA
008 141112s2004 ck r 000 u spa d
020 _a8420006300
040 _aCO-ViMGA
_bspa
_cCO-ViMGA
082 0 4 _a576.163 B617i
100 1 _aBoard, R.G.
_97713
245 1 0 _aIntroducción a la Microbiología moderna de los alimentos
260 _aZaragoza (E),
_cAcribia,
_c1988
300 _a271.p.
505 _aEcología y microbiología de los alimentos Inhibición del crecimiento microbiano Control de la contaminación Pasterización, appertización, radiación y asepsis Contaminación deliberada Alteración microbiana de los alimentos Agua Tratamiento de efluentes Enfermedades transmitidas por los alimentos
650 1 4 _aMICROBIOLOGIA DE LOS ALIMENTOS
_97714
942 _2ddc
_cBK
999 _c19882
_d19882